000 00894nam a22001697a 4500
005 20260124093413.0
008 230713b ||||| |||| 00| 0 eng d
040 _cSSBUL
_dSSBUL
082 _223
_a၃၂၈.၅၉၁ သ ၁၆၁၂၈ (S-SAT)
245 _aသဘာပတိအဖွဲ့၏ ဆုံးဖြတ်ချက်အရ လွှတ်တော်တွင်းဆောင်ရွက်ပုံ ဆောင်ရွက်နည်းများ /
260 _c၁၉၇၆။
300 _a၆၆ စာမျက်နှာ၊
_c၂၀ စင်တီ။
500 _aS-SAT: Dr. Prof Sai Aung Tun
650 _aမြန်မာနိုင်ငံပြည်သူ့လွှတ်တော်။
_927829
650 _aလွှတ်တော်အစည်းအဝေးများ
_zမြန်မာနိုင်ငံ။
_927844
942 _2ddc
_cBK1
999 _c27149
_d27149